| 000 | 01402cam a2200349 a 4500 | ||
|---|---|---|---|
| 001 | 13378163 | ||
| 005 | 20170105102840.0 | ||
| 008 | 031020s2004 nyu b 001 0 eng | ||
| 010 | _a 2003064013 | ||
| 020 | _a1403965358 (hardcover) | ||
| 040 |
_aDLC _cDLC _dDLC |
||
| 043 | _an-us--- | ||
| 050 | 0 | 0 |
_aJZ1480 _b.E89 2004 |
| 082 | 0 | 0 |
_a327.73 _222 |
| 100 | 1 | _aEtzioni, Amitai. | |
| 245 | 1 | 0 |
_aFrom empire to community : _ba new approach to international relations / _cAmitai Etzioni. |
| 250 | _a1st ed. | ||
| 260 |
_aNew York : _bPalgrave Macmillan, _c2004. |
||
| 300 |
_axii, 258 p. ; _c25 cm. |
||
| 504 | _aIncludes bibliographical references (p. [215]-251) and index. | ||
| 650 | 0 | _aSecurity, International. | |
| 650 | 0 | _aInternational cooperation. | |
| 650 | 0 |
_aTerrorism _xPrevention. |
|
| 651 | 0 |
_aUnited States _xForeign relations. |
|
| 651 | 0 |
_aUnited States _xMilitary policy. |
|
| 856 | 4 | 2 |
_3Publisher description _uhttp://www.loc.gov/catdir/description/hol042/2003064013.html |
| 856 | 4 | 2 |
_3Contributor biographical information _uhttp://www.loc.gov/catdir/enhancements/fy0623/2003064013-b.html |
| 856 | 4 | 1 |
_3Table of contents only _uhttp://www.loc.gov/catdir/enhancements/fy0623/2003064013-t.html |
| 906 |
_a7 _bcbc _corignew _d1 _eocip _f20 _gy-gencatlg |
||
| 942 |
_2ddc _cBK |
||
| 999 |
_c13817 _d13817 |
||